000 00511nam a2200169 a 4500
001 000045466
003 DO-SdBNP
005 20251029133537.0
008 150407s20uu dr a 000 0 spa d
040 _aDO-SdBNP
_bspa
_cBNPHU
100 1 _aMiller, Jeannette,
_d1944-
_983484
245 1 4 _aEl corazón de Juan /
_cJeannette Miller.
260 _a[Santo Domingo] :
_bil.,
_c[200?].
300 _a24 p. :
_bil. ;
_c22 cm.
500 _aIncluye datos biográficos del autor en la contracubierta
942 _2ddc
_cLBS1
999 _c44955
_d44955